[Event "Deutsche Ländermeisterschaft 2025"]
[Site "Oer-Erkenschwick GER"]
[Date "2025.10.03"]
[Round "4"]
[White "Classen, Meara"]
[Black "Sniegowski, Victoria"]
[Result "0-1"]
[Termination "normal"]
[Board "9.8"]
[WhiteElo "1520"]
[BlackElo "1485"]
[WhiteClock "00:42:59"]
[BlackClock "00:59:03"]
[WhiteTeam "Saarland & Friends"]
[BlackTeam "Thüringen"]
[PlyCount "58"]
[WhiteFideId "34626956"]
[BlackFideId "34675612"]
[EventCountry "GER"]
[EventRounds "7"]
[EventType "team-swiss"]
[EventDate "2025.09.30"]

1. e4 {[%clk 01:30:57]} {[%emt 00:00:02]} e5 {[%clk 01:30:56]} {[%emt
00:00:05]} 2. Nf3 {[%clk 01:31:21]} {[%emt 00:00:06]} Nc6 {[%clk 01:31:12]}
{[%emt 00:00:15]} 3. Bc4 {[%clk 01:31:27]} {[%emt 00:00:23]} Bc5 {[%clk
01:31:32]} {[%emt 00:00:10]} 4. c3 {[%clk 01:31:44]} {[%emt 00:00:12]} Nf6
{[%clk 01:31:49]} {[%emt 00:00:13]} 5. d4 {[%clk 01:31:29]} {[%emt 00:00:44]}
exd4 {[%clk 01:32:13]} {[%emt 00:00:07]} 6. e5 {[%clk 01:31:41]} {[%emt
00:00:19]} d5 {[%clk 01:32:19]} {[%emt 00:00:24]} 7. Bb5 {[%clk 01:31:55]}
{[%emt 00:00:16]} Ne4 {[%clk 01:32:25]} {[%emt 00:00:25]} 8. cxd4 {[%clk
01:31:55]} {[%emt 00:00:29]} Bb6 {[%clk 01:32:40]} {[%emt 00:00:15]} 9. h3
{[%clk 01:29:54]} {[%emt 00:02:30]} O-O {[%clk 01:32:45]} {[%emt 00:00:26]} 10.
Bxc6 {[%clk 01:29:14]} {[%emt 00:01:11]} bxc6 {[%clk 01:32:32]} {[%emt
00:00:42]} 11. Nbd2 {[%clk 01:26:14]} {[%emt 00:03:30]} f6 {[%clk 01:31:07]}
{[%emt 00:01:56]} 12. Qb3 {[%clk 01:19:21]} {[%emt 00:07:22]} Nxd2 {[%clk
01:26:31]} {[%emt 00:05:06]} 13. Bxd2 {[%clk 01:18:20]} {[%emt 00:01:30]} fxe5
{[%clk 01:25:56]} {[%emt 00:01:06]} 14. dxe5 {[%clk 01:17:33]} {[%emt
00:01:16]} Qe8 {[%clk 01:23:34]} {[%emt 00:02:41]} 15. O-O {[%clk 01:17:20]}
{[%emt 00:00:54]} Qg6 {[%clk 01:19:00]} {[%emt 00:04:59]} 16. Nh4 {[%clk
01:12:13]} {[%emt 00:05:40]} Qh5 {[%clk 01:16:46]} {[%emt 00:02:44]} 17. Qg3
{[%clk 01:11:00]} {[%emt 00:01:45]} Ba6 {[%clk 01:08:14]} {[%emt 00:09:04]} 18.
Kh1 {[%clk 00:52:59]} {[%emt 00:18:30]} Bxf1 {[%clk 01:06:12]} {[%emt
00:02:33]} 19. Rxf1 {[%clk 00:52:54]} {[%emt 00:00:35]} Qe2 {[%clk 01:01:22]}
{[%emt 00:05:04]} 20. Rc1 {[%clk 00:47:59]} {[%emt 00:05:40]} Qxd2 {[%clk
01:00:11]} {[%emt 00:01:42]} 21. Rxc6 {[%clk 00:43:19]} {[%emt 00:05:09]} Qe1+
{[%clk 00:58:51]} {[%emt 00:01:49]} 22. Kh2 {[%clk 00:43:10]} {[%emt 00:00:39]}
Bxf2 {[%clk 00:59:02]} {[%emt 00:00:19]} 23. Qxf2 {[%clk 00:42:12]} {[%emt
00:01:28]} Rxf2 {[%clk 00:58:31]} {[%emt 00:01:02]} 24. e6 {[%clk 00:42:10]}
{[%emt 00:00:31]} Qe5+ {[%clk 00:58:37]} {[%emt 00:00:23]} 25. Kg1 {[%clk
00:42:10]} {[%emt 00:00:27]} Raf8 {[%clk 00:58:45]} {[%emt 00:00:26]} 26. Rc1
{[%clk 00:42:27]} {[%emt 00:00:12]} Qe3 {[%clk 00:58:30]} {[%emt 00:00:45]} 27.
Rb1 {[%clk 00:42:35]} {[%emt 00:00:21]} Rf1+ {[%clk 00:58:52]} {[%emt
00:00:10]} 28. Kh2 {[%clk 00:42:43]} {[%emt 00:00:22]} Qe5+ {[%clk 00:59:03]}
{[%emt 00:00:18]} 29. g3 {[%clk 00:42:59]} {[%emt 00:00:14]} R8f2+ {[%emt
00:00:07]} 0-1